|
|
|
|
| LEADER |
00000nam0a2200000 4500 |
| 001 |
50560 |
| 005 |
20231031033226.0 |
| 010 |
|
|
|a 5947980487
|
| 035 |
|
|
|a (RuTPU)RU\TPU\book\52940
|
| 090 |
|
|
|a 50560
|
| 100 |
|
|
|a 20030417d2003 m y0rusy50 ca
|
| 101 |
0 |
|
|a rus
|
| 102 |
|
|
|a RU
|
| 105 |
|
|
|a y j 001zy
|
| 200 |
1 |
|
|a Социальная реабилитация
|e учебное пособие
|f Е. И. Холостова, Н. Ф. Дементьева
|
| 205 |
|
|
|a 2-е изд.
|
| 210 |
|
|
|a Москва
|c Дашков и К
|d 2003
|
| 215 |
|
|
|a 340 с.
|
| 320 |
|
|
|a Библиогр. в конце глав.
|
| 320 |
|
|
|a Словарь терминов: с. 318-339.
|
| 451 |
|
1 |
|0 (RuTPU)RU\TPU\book\44500
|y 5-94798-048-7
|t Социальная реабилитация
|o учебное пособие
|f Е. И. Холостова, Н. Ф. Дементьева
|e 3-е изд.
|c М.
|n Дашков и К
|d 2002
|p 340 с.
|a Холостова, Е. И.
|
| 451 |
|
1 |
|0 (RuTPU)RU\TPU\book\76504
|y 5-94798-485-7
|t Социальная реабилитация
|o учебное пособие
|f Е. И. Холостова, Н. Ф. Дементьева
|c М.
|n Дашков и К
|d 2004
|p 340 с.
|a Холостова, Е. И.
|
| 610 |
1 |
|
|a социальная помощь
|
| 610 |
1 |
|
|a социальное обеспечение
|
| 610 |
1 |
|
|a социальная реабилитация
|
| 610 |
1 |
|
|a инвалиды
|
| 610 |
1 |
|
|a жизнедеятельность
|
| 610 |
1 |
|
|a социальная среда
|
| 610 |
1 |
|
|a жилье
|
| 610 |
1 |
|
|a психология
|
| 610 |
1 |
|
|a физкультура
|
| 610 |
1 |
|
|a программы
|
| 610 |
1 |
|
|a технологии
|
| 610 |
1 |
|
|a практика
|
| 610 |
1 |
|
|a организации
|
| 610 |
1 |
|
|a зарубежный опыт
|
| 610 |
1 |
|
|a учебные пособия
|
| 686 |
|
|
|a У9(2)272я73
|v LBC/SL-A
|2 rubbk
|
| 700 |
|
1 |
|a Холостова
|b Е. И.
|
| 701 |
|
1 |
|a Дементьева
|b Н. Ф.
|
| 801 |
|
1 |
|a RU
|b 63413507
|c 20030417
|g PSBO
|
| 801 |
|
2 |
|a RU
|b 63413507
|c 20100930
|g PSBO
|
| 900 |
|
|
|a Социальная работа
|
| 900 |
|
|
|a Социальная реабилитация
|
| 942 |
|
|
|c BK
|
| 951 |
|
|
|a 521100
|